000 00436nam a2200145Ia 4500
008 170725s9999 xx 000 0 und d
100 _aLin Deng
245 _aMutation operators for testing Android apps
245 _cLin Deng, Jeff Offutt, Paul Ammann, Nariman Mirzaei
260 _c2017
300 _apages 154-168, January
440 _aInformation and software technology
_v81:
500 _aCJ0030
650 _aMutation Testing
999 _c340887
_d340887